Statistics for Top 20 Healthiest Fruits

Click here to take the quiz!

General Stats

  • This quiz has been taken 628 times
    (298 since last reset)
  • The average score is 12 of 20

Answer Stats

#Fruit% Correct
5Apple
96%
16Banana
91%
15Orange
91%
8Strawberry
91%
4Blueberry
87%
17Grape
86%
12Watermelon
75%
14Blackberry
72%
10Lemon
72%
7Mango
69%
2Pineapple
67%
20Cherry
50%
1Grapefruit
49%
3Avocado
43%
19Papaya
35%
9Cranberry
31%
18Guava
26%
6Pomegranate
26%
11Durian
11%
13Olive
11%

Score Distribution

Percentile by Number Answered

Percent of People with Each Score

Your Score History

You have not taken this quiz since the last reset